000 00486nam a22001457a 4500
999 _c12863
_d12863
008 190201b ||||| |||| 00| 0 eng d
020 _a9712703975
082 _22003
_aDFil 899.211
_bSi3
245 _aAng babaeng pilipina ayon sa tv/
_cSoledad S. Reyes[Editor]
260 _aPasig City:
_bAnvil Publishing Inc.,
_c©2003
300 _axxxiv, page 436-437;
_c23 cm.
650 _aPhilippine literature (Filipino)
_936425
700 _aReyes, Soledad S.
_eEditor
_936426
942 _2ddc
_cDFIL